| Tag |
First Indicator |
Second Indicator |
Subfields |
| LEADER |
00000cam a2200000 4500 |
| 001 |
in00000048400 |
| 005 |
20151007071601.0 |
| 008 |
741004s1941 dcua b 10010 eng u |
| 010 |
|
|
|a 41008897
|
| 035 |
|
|
|a (OCoLC)01030225
|
| 035 |
|
|
|9 AAE6250AM
|
| 040 |
|
|
|c DRB
|d TXA
|d UtOrBLW
|
| 049 |
|
|
|a TXAM 3 [149354]
|
| 050 |
0 |
0 |
|a QK867
|b .A5 1941
|
| 092 |
|
|
|a 581.13
|b A512h
|
| 110 |
2 |
|
|a American Society of Agronomy.
|
| 245 |
1 |
0 |
|a Hunger signs in crops :
|b a symposium /
|c prepared by George M. Bahrt [and others] Edited by Gove Hambidge.
|
| 264 |
|
1 |
|a Washington :
|b The American Society of Agronomy and National Fertilizer Association,
|c [1941]
|
| 264 |
|
4 |
|c [©1941]
|
| 300 |
|
|
|a xiii, 327 pages :
|b illustrations, (part color) ;
|c 26cm.
|
| 336 |
|
|
|a text
|b txt
|2 rdacontent
|
| 337 |
|
|
|a unmediated
|b n
|2 rdamedia
|
| 338 |
|
|
|a volume
|b nc
|2 rdacarrier
|
| 504 |
|
|
|a Includes bibliographies.
|
| 650 |
|
0 |
|a Deficiency diseases in plants.
|
| 700 |
1 |
|
|a Bahrt, George Martin,
|d 1896-
|
| 700 |
1 |
|
|a Hambidge, Gove,
|d 1890-
|
| 710 |
2 |
|
|a National Fertilizer Association (1925-1955)
|
| 999 |
|
|
|a MARS
|
| 999 |
f |
f |
|s 792236d7-95fb-3eaf-a291-496fe48f2a42
|i 7249be07-e1da-3714-a513-53bf511d1f54
|t 0
|
| 952 |
f |
f |
|p ric
|a Texas A&M University
|b Rellis Campus
|c Joint Library Facility
|d Remote Storage
|t 0
|e QK867 .A5 1941
|h Library of Congress classification
|i unmediated -- volume
|m A14800987136
|
| 998 |
f |
f |
|a QK867 .A5 1941
|t 0
|l Remote Storage
|